|
|
|
|
| LEADER |
00805nam a2200229 a 4500 |
| 001 |
1704341 |
| 008 |
100111s1968 nyu b 000 0 eng d |
| 010 |
|
|
|a 68028789
|
| 040 |
|
|
|a DLC
|c DLC
|d DLC
|d BD-DhAAL
|
| 082 |
0 |
0 |
|a 301/.01
|
| 100 |
1 |
|
|a Merton, Robert King,
|d 1910-2003
|
| 245 |
1 |
0 |
|a Social theory and social structure /
|c Robert K. Merton.
|
| 250 |
|
|
|a 1968 enl. ed.
|
| 260 |
|
|
|a New York :
|b Free Press,
|c 1968
|
| 300 |
|
|
|a xxiii, 702 p. ;
|c 24 cm.
|
| 504 |
|
|
|a Bibliographical footnotes.
|
| 541 |
1 |
|
|e 00000218
|
| 650 |
|
0 |
|a Sociology.
|
| 650 |
|
0 |
|a Social structure.
|
| 852 |
4 |
|
|a Ayesha Abed Library
|j General Shelf.
|
| 999 |
|
|
|c 6869
|d 6869
|
| 952 |
|
|
|0 0
|1 0
|2 ddc
|4 0
|6 301_010000000000000_MER_1968
|7 0
|9 7080
|a BRACUL
|b BRACUL
|c GEN
|d 2010-01-12
|g 1149.50
|l 0
|o 301.01 MER
|p 3010000218
|r 2010-01-12
|t 1
|w 2010-01-12
|y BK
|